| 000 | 01112nam0a22003011 4500 | ||
|---|---|---|---|
| 001 | rc\4516380 | ||
| 005 | 20250612104835.0 | ||
| 021 |
_aRU _b[60-35054] |
||
| 035 | _a(NLR Aleph) 008622407 | ||
| 090 |
_a8831504 _c8831504 |
||
| 100 | _a20130416d1959 |||y0rusy50 ca | ||
| 101 | 0 | _arus | |
| 102 | _aRU | ||
| 105 | _aa b ||||| | ||
| 200 | 1 | _aКаталог запасных частей к машинам по возделыванию сахарной свеклы | |
| 210 |
_aМосква _cСельхозгиз _d1959 |
||
| 215 |
_a72 с. _cил. _d20 |
||
| 300 | _aПеред загл. авт.: М.И. Крутов, А.Г. Марков, В.М. Самоданова, С.В. Вяткин | ||
| 606 |
_aСвекловичные машины _xЗапасные части _jКаталоги _2psbo |
||
| 701 | 1 |
_aСамоданова _bВ.М. |
|
| 701 | 1 |
_aВяткин _bС.В. |
|
| 701 | 1 |
_aМарков _bА.Г. |
|
| 701 | 1 |
_aКрутов _bМ.И. _gМихаил Илларионович |
|
| 801 | 0 |
_aRU _bNLR _gpsbo |
|
| 801 | 1 |
_aRU _bELAR _2rusmarc |
|
| 852 |
_aNLR _jПт 86.9/55 |
||
| 942 | _cBOOK | ||
| 980 | _aNB | ||